| 000 | 00897nmc a2200313 a 4500 | ||
|---|---|---|---|
| 003 | AR-BaBNM | ||
| 005 | 20251128203825.0 | ||
| 008 | 011101s1987 ||||||||||||||000 | spa|| | ||
| 020 | _a950-01-0327-3 | ||
| 040 | _cAR-BaBNM | ||
| 100 | 1 | _aBernardo, Mane | |
| 245 | 1 | 0 | _aTíteres para jardineras |
| 260 |
_aBuenos Aires _bEstrada _c1987 |
||
| 300 |
_a135 p. _bil., gráfs. |
||
| 490 | 0 | _aColección para el nivel terciario. Educación inicial | |
| 500 | _aCurrículum de los autores | ||
| 504 | _aContiene bibliografía | ||
| 650 | 4 | _aJUEGOS EDUCATIVOS | |
| 650 | 4 | _aTECNICAS DIDACTICAS | |
| 650 | 4 | _aAPRENDIZAJE PREESCOLAR | |
| 650 | 4 | _aEDUCACION NO FORMAL | |
| 650 | 4 | _aEDUCACION DEL NINO | |
| 653 | _aJARDINES DE INFANTES | ||
| 653 | _aEDUCACION INICIAL | ||
| 700 | 1 | _aBianchi, Sarah | |
| 800 | 1 |
_aCapizzano de Capalbo, Beatriz _edirector |
|
| 942 | _cBK | ||
| 998 | _cMARTIN | ||
| 999 |
_c5048 _d5048 |
||